000 00422nam a22001937a 4500
003 UA-OsUOA
001 5379
007 ta
008 20050721b un ||||| |||| 00| 0 ukr d
100 _aYanson
700 _aV.
700 _aSvistun
700 _aL.
942 _cBK
040 _aUA-OsUOA
_cUA-OsUOA
_dUA-OsUOA
245 _aA Pract. Guide for Learn. of English. 2.
_bEnglish Practice
955 _a2
650 7 _2UDC
999 _c291541
_d291541